000 00627nam a2200229Ia 4500
003 OSt
005 20220923225426.0
006 a|||||r|||| 00| 0
007 ta
008 Pun
024 _a267,841
037 _cTextual
040 _aARTS
_cARTS
_bPun
041 _2Pun
_aPun
082 _aO153,3:g, M7
100 _aਸਿੰਘ, ਹਰਦਰFਨ
245 0 _aਪੰਜਾਬੀ ਨਾਵਲ ਵਿਚ ਨਾਇਕ ਦਾ ਵਿਗਠਨ
260 _c1987
650 _aਪੰਜਾਬੀ ਸਾਹਿਤ
942 _hO153,3:g, M7
_cTEXL
_2CC
999 _c378224
_d378224